Koncertní variace na Dvořákovo téma : pro violoncello nebo violu a klavír = Concert variations on Dvořák's theme : for cello or viola and piano : 2011 /

Hlavní autor: Kabát, Jiří, 1984-
Jazyk: Nelze použít, není lingvistický obsah
Vydáno: Praha : Český rozhlas, 2016
Vydání: 1. vydání
Témata:
Fyzický popis: 1 partitura (33 stran) + 2 hlasy ; 30 cm
Hudebniny Hudebniny
Uloženo v:
LEADER 02625ncm a2200685 i 4500
001 nkc20172881100
003 CZ PrNK
005 20180214141225.0
007 qu
008 170227t20162016xr vraeg nn zxx
015 |a cnb002881100 
024 2 |a 979-0-66061-380-1  |q (brožováno) 
028 2 1 |a R 349  |b Český rozhlas 
040 |a ABA001  |b cze  |e rda 
041 0 |g cze  |g eng 
043 |a e-xr--- 
045 |a x-y- 
048 |b sc01  |a ka01 
048 |b sb01  |a ka01 
072 7 |a 787  |x Hudba pro strunné a smyčcové nástroje  |2 Konspekt  |9 9 
080 |a 78.083.2  |2 MRF 
080 |a 785.7  |2 MRF 
080 |a 78.089.6.087  |2 MRF 
100 1 |a Kabát, Jiří,  |d 1984-  |7 jo2015882219  |4 cmp 
240 1 0 |a Koncertní variace na Dvořákovo téma 
245 1 0 |a Koncertní variace na Dvořákovo téma :  |b pro violoncello nebo violu a klavír = Concert variations on Dvořák's theme : for cello or viola and piano : 2011 /  |c Jiří Kabát 
246 3 1 |a Concert variations on Dvořák's theme 
250 |a 1. vydání 
264 1 |a Praha :  |b Český rozhlas,  |c 2016 
264 4 |c ©2016 
300 |a 1 partitura (33 stran) + 2 hlasy ;  |c 30 cm 
306 |a 000720 
336 |a zápis hudby  |b ntm  |2 rdacontent 
337 |a bez média  |b n  |2 rdamedia 
338 |a svazek  |b nc  |2 rdacarrier 
382 0 1 |a violoncello  |n 1  |a klavír  |n 1  |s 2 
382 0 1 |a viola  |n 1  |a klavír  |n 1  |s 2 
500 |a Biografická poznámka česky a anglicky 
500 |a Durata přibližně 7 min. 20. sek. 
600 1 7 |a Dvořák, Antonín,  |d 1841-1904  |7 jn19981000826  |2 czenas 
648 7 |a 20.-21. století  |7 ch462155  |2 czenas 
648 7 |a 2011  |7 ch967313  |2 czenas 
650 0 7 |a variace (hudba)  |7 ph218851  |z Česko  |y 20.-21. století  |2 czenas 
650 0 7 |a komorní hudba  |7 ph121752  |z Česko  |y 20.-21. století  |2 czenas 
650 0 9 |a variations (music)  |z Czechia  |y 20th-21st centuries  |2 eczenas 
650 0 9 |a chamber music  |z Czechia  |y 20th-21st centuries  |2 eczenas 
655 7 |a variace (hudba)  |7 fd993494  |2 czenas 
655 7 |a komorní hudba  |7 fd979994  |2 czenas 
655 7 |a partitury a hlasy  |7 fd186702  |2 czenas 
655 9 |a variations (music)  |2 eczenas 
655 9 |a chamber music  |2 eczenas 
655 9 |a scores and parts  |2 eczenas 
910 2 |a BOA001  |b Mus4-1384.232 
990 |a MU 
995 |a 01 
991 |b 201703  |c NOV 
925 |a violoncello, klavír  |b Vlc, Pf 
925 |a viola, klavír  |b Vla, Pf 
996 6 |b 2610699192  |c Mus4-1384.232  |l MZK  |r Sklad / do 1 hodiny  |n 0  |p p.v.  |w 001600951  |u 000010  |a 1  |e BOA001  |j MZK50  |s P 
996 7 |b 2610699829  |c Mus4-1384.232  |l MZK  |r Sklad / do 1 hodiny  |n 0  |p kup  |w 001600951  |u 000020  |a 1  |e BOA001  |j MZK50  |s A